Welcome to CU Library Online Public Access Catalogue (OPAC)

Health and Social Care/ (Record no. 2822)

MARC details
000 -LEADER
fixed length control field 00539nam a22001817a 4500
005 - DATE AND TIME OF LATEST TRANSACTION
control field 20250122154922.0
008 - FIXED-LENGTH DATA ELEMENTS--GENERAL INFORMATION
fixed length control field 250122b |||||||| |||| 00| 0 eng d
020 ## - INTERNATIONAL STANDARD BOOK NUMBER
International Standard Book Number 9780748735105
050 ## - LIBRARY OF CONGRESS CALL NUMBER
Classification number RA418 HEA
100 ## - MAIN ENTRY--PERSONAL NAME
Personal name Clarke, Liam
245 ## - TITLE STATEMENT
Title Health and Social Care/
Remainder of title for advanced GNVQ
Statement of responsibility, etc. Liam Clarke, Bruce Sachs, Sue Ford-Sumner
250 ## - EDITION STATEMENT
Edition statement 3rd ed.
260 ## - PUBLICATION, DISTRIBUTION, ETC.
Place of publication, distribution, etc. Cheltenham
Name of publisher, distributor, etc. Stanley Thornes
Date of publication, distribution, etc. 2000
300 ## - PHYSICAL DESCRIPTION
Extent xvi. 326p.
Other physical details ill. color
Dimensions 27cm
700 ## - ADDED ENTRY--PERSONAL NAME
Personal name Sachs, Bruce
700 ## - ADDED ENTRY--PERSONAL NAME
Personal name Ford-Sumner, Sue
942 ## - ADDED ENTRY ELEMENTS (KOHA)
Source of classification or shelving scheme Library of Congress Classification
Koha item type Books
Edition 3rd ed.
Suppress in OPAC No
999 ## -
-- 2822
-- 2822
Holdings
Withdrawn status Lost status Source of classification or shelving scheme Damaged status Not for loan Collection Home library Current library Shelving location Date acquired Total checkouts Full call number Barcode Date last seen Copy number Price effective from Koha item type
    Library of Congress Classification     Non-fiction Science Library (Miotso) Science Library (Miotso) General stacks 01/22/2025   RA418 HEA SLM00002196 01/22/2025 1 01/22/2025 Books
© 2023-2024 Copyright: Central University Libraries. All Rights Reserved | Created by: Mahone Tech Office